000 00369nam a22001457a 4500
999 _c14857
_d14857
020 _a9788183601139
082 _a631.56
_bBAR/PO
100 _aBarche, Swati
_92090
100 _aKirad, Kamal Singh
_92091
245 _aPost harvest handling of fruits, vegetables and flowers
250 _a2
260 _aNew Delhi
_bJain Brothers
_c2013
300 _a162
942 _cBK